000 00451nam a2200181 a 4500
001 12105
003 CO-ViMGA
008 141112s2004 ck r 000 u spa d
020 _a9589012212
040 _aCO-ViMGA
_bspa
_cCO-ViMGA
082 0 4 _a822.33 S214m
100 1 _aShakespeare, William
_917134
245 1 0 _aMacbeth
260 _aBogotá,
_cEl Ancora Editores,
_c1988
300 _a115 p.
650 1 4 _aTEATRO INGLES
_917135
942 _2ddc
_cBK
999 _c23145
_d23145